| 000 | 00573cam a2200169 4500500 | ||
|---|---|---|---|
| 005 | 20251012004959.0 | ||
| 041 | _afre | ||
| 042 | _adc | ||
| 100 | 1 | 0 |
_aCalas-Leroux, Viviane _eauthor |
| 700 | 1 | 0 |
_a Abdelhak, Mohand Ameziane _eauthor |
| 700 | 1 | 0 |
_a Moro, Marie Rose _eauthor |
| 245 | 0 | 0 | _aIntroducción |
| 260 | _c2025. | ||
| 500 | _a24 | ||
| 786 | 0 | _nJournal de la psychanalyse de l'enfant | XIV | 1 | 2025-08-04 | p. 5-12 | 0994-7949 | |
| 856 | 4 | 1 | _uhttps://shs.cairn.info/revista-journal-de-la-psychanalyse-de-lenfant-2025-1-page-5?lang=es&redirect-ssocas=7080 |
| 999 |
_c1516254 _d1516254 |
||